000 00249nam a2200085Ia 4500
245 0 _aOphthalmology : lecture notes for medical students
100 _a Du Toit, Nagib Cape Town, 2009
942 _cBK
008 210817s9999 xx 000 0 und d
999 _c272101
_d272102